Obras de V. I. Lenin

Salvato in:
Dettagli Bibliografici
Natura: testo
Pubblicazione: Moscú: Mezhdunaródnaya Kniga
Tags: Aggiungi Tag
Nessun Tag, puoi essere il primo ad aggiungerne!!

MARC

LEADER 00000 a a2200000 04500
001 23812
003
040
090 |a 168600  
245 |a Obras de V. I. Lenin  
260 |a Moscú:   |b Mezhdunaródnaya Kniga  
300 |a 99 p.   |b il.  
999 |c 12025  |d 12025